Histoire des idées sociologiques - Tome 1 : Des origines à Weber (notice n° 2197599)
[ vue normale ]
| 000 -LEADER | |
|---|---|
| fixed length control field | 01325cam a2200133 4500500 |
| 005 - DATE AND TIME OF LATEST TRANSACTION | |
| control field | 20260405085435.0 |
| 041 ## - LANGUAGE CODE | |
| Language code of text/sound track or separate title | fre |
| 042 ## - AUTHENTICATION CODE | |
| Authentication code | dc |
| 100 10 - MAIN ENTRY--PERSONAL NAME | |
| Personal name | Lallement, Michel |
| Relator term | author |
| 245 00 - TITLE STATEMENT | |
| Title | Histoire des idées sociologiques - Tome 1 : Des origines à Weber |
| 260 ## - PUBLICATION, DISTRIBUTION, ETC. | |
| Name of publisher, distributor, etc. | Armand Colin,<br/> |
| Date of publication, distribution, etc. | 2023.<br/> |
| 520 ## - SUMMARY, ETC. | |
| Summary, etc. | Cet ouvrage, désormais un classique, permet de découvrir les auteurs et les textes fondateurs de la sociologie qui ne s’affirme comme discipline constituée et autonome qu’à la fin du XIXe siècle. Il est d’abord consacré à la façon dont le « vivre ensemble » a été analysé par les penseurs et philosophes de l’Antiquité jusqu’au siècle des Lumières. Il analyse ensuite l’émergence de la thématique socialiste et des différentes écoles sociologiques qui se développent au XIXe siècle. Enfin, il présente deux auteurs majeurs : Émile Durkheim et Max Weber. La présente édition a été mise à jour et revue, compte tenu notamment des avancées historiographiques récentes. Une suite chronologique et thématique est proposée dans l’ouvrage du même auteur intitulé : Histoire des idées sociologiques. De Parsons aux contemporains. |
| 856 41 - ELECTRONIC LOCATION AND ACCESS | |
| Uniform Resource Identifier | <a href="https://shs.cairn.info/histoire-des-idees-sociologiques-tome-1--9782200635442?lang=fr&redirect-ssocas=7080">https://shs.cairn.info/histoire-des-idees-sociologiques-tome-1--9782200635442?lang=fr&redirect-ssocas=7080</a> |
Pas d'exemplaire disponible.




Réseaux sociaux